000 00658nab a2200193 4500
001 244442
003 OSt
005 20250617120537.0
007 tu
008 200917s2020|||||||
040 _aDE-2950
_cDE-2950
245 0 0 _a"Bürgerwehr" kontrolliert auf der Stadtbrücke
_bSlubice. Die Spannungen an der Grenze zu Polen nehmen zu. Bis ende Juni will ein polnischer Verein Migranten an der Einreise hindern/
_cLeonard Palm, Nancy Waldmann
264 _c2024
653 _aSlubice
653 _aGrenzkontrollen
653 _a"Bürgerwehr"
773 0 _g36. Jahrgang (2025) Nr. 131 vom 07.06.2025, S. 17 mit Foto
_tMärkische Oderzeitung
942 _2z
_cA
999 _c373819
_d373819